=LDR 00000nam 2200000 4500 =001 INLIS000000000014412 =005 20170112112917.0 =006 =007 =008 Ind =035 ##$$0010-061300000014412 =041 ##$$a Ind =082 ##$$a 633.88 =090 ##$$a 633.88, Wir t =100 ##$$a Wiryowidangdo, Sudjaswadi =245 ##$$a Tanaman obat untuk penyakit jantung, darah tinggi, dan kolestrol, Sudjaswadi Wiryowidagdo, M Sitanggang; peyunting mulyono =260 ##$$a 2002 $b Jakarta =300 ##$$a vi, 82 hlm, Il, 24 cm =650 ##$$a Tanaman obat =700 ##$$a M. Sitanggang =850 ##$$a NBPNMAT